[Event "Host Monrad"]
[Site "Tonsberg"]
[Date "2004.11.08"]
[Round "5"]
[White "Bue, Gunnar"]
[Black "Snorteland, Per"]
[Result "1-0"]
[WhiteElo "1543"]
[BlackElo "1297"]
[PlyCount "63"]
[EventDate "2004.09.13"]
[EventType "swiss"]
[EventRounds "7"]
[EventCountry "NOR"]
[SourceTitle "EXT 2007"]
[Source "ChessBase"]
[SourceDate "2006.11.23"]
[SourceVersion "1"]
[SourceVersionDate "2006.11.23"]
[SourceQuality "1"]

1. d4 e6 2. Nf3 Nf6 3. c4 c5 4. e3 a6 5. Bd3 Nc6 6. 0-0 Be7 7. a3 0-0 8. dxc5 Bxc5 9. b4 Bd6 10. Bxh7+ Nxh7 11. Qxd6 b6 12. Bb2 Ne7 13. e4 Bb7 14. Nbd2 Rc8 15. b5 axb5 16. cxb5 Rc5 17. a4 Nc8 18. Qd4 f6 19. Ba3 e5 20. Qe3 d6 21. Bxc5 dxc5 22. Nc4 f5 23. Rad1 Qc7 24. Rd2 Bxe4 25. Rfd1 Nf6 26. Ncxe5 Ne7 27. Qb3+ c4 28. Qxc4+ Qxc4 29. Nxc4 Bxf3 30. gxf3 Kh7 31. Rd8 Rf7 32. Ne5 1-0

[Event "Host Monrad"]
[Site "Tonsberg"]
[Date "2004.10.25"]
[Round "4"]
[White "Krohn, Sverre Hoegh"]
[Black "Snorteland, Per"]
[Result "1-0"]
[WhiteElo "1749"]
[BlackElo "1297"]
[PlyCount "55"]
[EventDate "2004.09.13"]
[EventType "swiss"]
[EventRounds "7"]
[EventCountry "NOR"]
[SourceTitle "EXT 2007"]
[Source "ChessBase"]
[SourceDate "2006.11.23"]
[SourceVersion "1"]
[SourceVersionDate "2006.11.23"]
[SourceQuality "1"]

1. e4 d6 2. d4 Nf6 3. Nc3 Nc6 4. d5 Ne5 5. f4 Ng6 6. Nf3 e6 7. Bd3 Be7 8. h4 Nh5 9. dxe6 fxe6 10. f5 exf5 11. exf5 Nxh4 12. Kf2 Nxf3 13. Qxf3 Nf6 14. Bg5 c6 15. Bxf6 Bxf6 16. Rae1+ Kd7 17. Qh5 Qb6+ 18. Kf1 Kc7 19. Ne4 Be5 20. Qf7+ Bd7 21. Ng5 Rae8 22. Rxe5 Rxe5 23. Ne6+ Kc8 24. Qxg7 Re8 25. Rxh7 Bxe6 26. fxe6 R5xe6 27. Bf5 Kb8 28. Bxe6 1-0

[Event "Host Monrad"]
[Site "Tonsberg"]
[Date "2004.09.20"]
[Round "1"]
[White "Snorteland, Per"]
[Black "Johansen, Kjell Arne"]
[Result "1-0"]
[WhiteElo "1297"]
[BlackElo "1577"]
[PlyCount "119"]
[EventDate "2004.09.13"]
[EventType "swiss"]
[EventRounds "7"]
[EventCountry "NOR"]
[SourceTitle "EXT 2007"]
[Source "ChessBase"]
[SourceDate "2006.11.23"]
[SourceVersion "1"]
[SourceVersionDate "2006.11.23"]
[SourceQuality "1"]

1. d4 Nf6 2. c4 d6 3. Nc3 g6 4. e4 Bg7 5. Nf3 Bg4 6. Be2 0-0 7. 0-0 c6 8. Be3 Na6 9. a3 Nd7 10. Rb1 Nc7 11. h3 Bxf3 12. Bxf3 Nb6 13. Qb3 Ne6 14. Rbd1 Qc7 15. d5 cxd5 16. Nxd5 Qxc4 17. Nxe7+ Kh8 18. Rd3 Nc5 19. Bxc5 Qxc5 20. Qa2 Qe5 21. Nd5 Nxd5 22. Rxd5 Qxb2 23. Qxb2 Bxb2 24. a4 Be5 25. Be2 Rad8 26. Rb1 b6 27. g3 g5 28. a5 f5 29. axb6 axb6 30. Rxb6 fxe4 31. Kg2 Rf6 32. Rxe5 Rdf8 33. Rxe4 Rxf2+ 34. Kg1 d5 35. Re7 R2f7 36. Rbb7 Kg8 37. Bd3 Rxe7 38. Rxe7 Rf3 39. Bxh7+ Kf8 40. Re5 Kg7 41. Kg2 Ra3 42. Bf5 d4 43. Rd5 Kf6 44. g4 Ra2+ 45. Kf3 Ra3+ 46. Ke4 Rxh3 47. Rxd4 Ra3 48. Rd6+ Kf7 49. Ke5 Ra5+ 50. Rd5 Rxd5+ 51. Kxd5 Kf6 52. Kd6 Kg7 53. Ke6 Kh6 54. Ke7 Kg7 55. Be6 Kg6 56. Bf7+ Kg7 57. Ke6 Kf8 58. Bg6 Kg7 59. Kf5 Kh6 60. Be8 1-0

[Event "Tonsberg op"]
[Site "Tonsberg"]
[Date "2003.10.27"]
[Round "7"]
[White "Snorteland, Per"]
[Black "Beck, Anders Knudsen"]
[Result "1-0"]
[WhiteElo "1274"]
[BlackElo "1289"]
[PlyCount "35"]
[EventDate "2003.09.08"]
[EventType "swiss"]
[EventRounds "9"]
[EventCountry "NOR"]
[SourceTitle "EXT 2008"]
[Source "ChessBase"]
[SourceDate "2007.11.25"]
[SourceVersion "1"]
[SourceVersionDate "2007.11.25"]
[SourceQuality "1"]

1. e4 c5 2. f4 d5 3. e5 Nc6 4. Nf3 Bg4 5. c3 e6 6. Be2 Bxf3 7. Bxf3 f6 8. 0-0 fxe5 9. fxe5 Nxe5 10. Bh5+ g6 11. d4 Nd7 12. Bg4 Ngf6 13. Bxe6 Qb6 14. Qe2 Ne4 15. Bxd5 0-0-0 16. Qxe4 Nf6 17. Be6+ Nd7 18. Rf6 1-0